MARC details
| 000 -LEADER |
| fixed length control field |
01064cam a2200325 i 4500 |
| 003 - CONTROL NUMBER IDENTIFIER |
| control field |
TR-AnTOB |
| 005 - DATE AND TIME OF LATEST TRANSACTION |
| control field |
20220822102936.0 |
| 007 - PHYSICAL DESCRIPTION FIXED FIELD--GENERAL INFORMATION |
| fixed length control field |
ta |
| 008 - FIXED-LENGTH DATA ELEMENTS--GENERAL INFORMATION |
| fixed length control field |
990318s1976 tu 00000 tur |
| 040 ## - CATALOGING SOURCE |
| Original cataloging agency |
TR-AnTOB |
| Language of cataloging |
eng |
| Description conventions |
rda |
| Transcribing agency |
TR-AnTOB |
| 041 0# - LANGUAGE CODE |
| Language code of text/sound track or separate title |
Türkçe |
| 050 00 - LIBRARY OF CONGRESS CALL NUMBER |
| Classification number |
HB180.T8 |
| Item number |
Z37 1976 |
| 090 ## - LOCALLY ASSIGNED LC-TYPE CALL NUMBER (OCLC); LOCAL CALL NUMBER (RLIN) |
| Classification number (OCLC) (R) ; Classification number, CALL (RLIN) (NR) |
TOBBK HB180.T8 |
| Local cutter number (OCLC) ; Book number/undivided call number, CALL (RLIN) |
Z37 1976 |
| 100 1# - MAIN ENTRY--PERSONAL NAME |
| Personal name |
Zarakolu, Avni |
| 9 (RLIN) |
129256 |
| 245 10 - TITLE STATEMENT |
| Title |
İktisat ilminin temel ilkeleri. |
| 250 ## - EDITION STATEMENT |
| Edition statement |
3rd ed. |
| 264 #1 - PRODUCTION, PUBLICATION, DISTRIBUTION, MANUFACTURE, AND COPYRIGHT NOTICE |
| Place of production, publication, distribution, manufacture |
Ankara : |
| Name of producer, publisher, distributor, manufacturer |
Ankara Üniversitesi Hukuk Fakültesi, |
| Date of production, publication, distribution, manufacture, or copyright notice |
1976. |
| 300 ## - PHYSICAL DESCRIPTION |
| Extent |
volumes ; |
| Dimensions |
21 cm |
| 336 ## - CONTENT TYPE |
| Content type term |
text |
| Content type code |
txt |
| Source |
rdacontent |
| 337 ## - MEDIA TYPE |
| Media type term |
unmediated |
| Media type code |
n |
| Source |
rdamedia |
| 338 ## - CARRIER TYPE |
| Carrier type term |
volume |
| Carrier type code |
nc |
| Source |
rdacarrier |
| 410 11 - SERIES STATEMENT/ADDED ENTRY--CORPORATE NAME [OBSOLETE, CAN/MARC], [LOCAL, USA] |
| Corporate name or jurisdiction name as entry element |
Ankara Üniversitesi Hukuk Fakültesi Yayınları; |
| Volume number/sequential designation |
No.386. |
| 583 0# - ACTION NOTE |
| Action |
condition reviewed |
| Time/date of action |
20190326 |
| Status |
damaged |
| -- |
leaf attachment not intact |
| -- |
hinges torn |
| -- |
foxing |
| -- |
cover damaged |
| Source of term |
pda |
| Institution to which field applies |
B9K |
| 650 #0 - SUBJECT ADDED ENTRY--TOPICAL TERM |
| Topical term or geographic name entry element |
Economics |
| 9 (RLIN) |
63487 |
|
| Topical term or geographic name entry element |
Macroeconomics |
| 9 (RLIN) |
421 |
|
| Topical term or geographic name entry element |
Monetary policy |
| 9 (RLIN) |
13685 |
| 942 ## - ADDED ENTRY ELEMENTS (KOHA) |
| Source of classification or shelving scheme |
Other/Generic Classification Scheme |
| Koha item type |
Book |